| 000 | 01921nam a2200553 i 4500 | ||
|---|---|---|---|
| 001 | 6780 | ||
| 003 | KOSZ 005 | ||
| 005 | 20220421133125.0 | ||
| 008 | 970510s1995f pl a f |001 0 pol | ||
| 015 | _aPB 1995/531 | ||
| 020 | _a830111665X | ||
| 035 | _a991000004579705066 | ||
| 035 | _a(PL-WaBN)b10004610-48omnis_nlop | ||
| 035 | _ab10004610 | ||
| 035 | _a(OCoLC)749864143 | ||
| 035 | _a(PL)b0000001000461 | ||
| 035 | _a(EXLNZ-48OMNIS_NETWORK)9910427705105606 | ||
| 040 |
_aWA N _cWA N _dKOSZ 005/EC |
||
| 041 | 1 |
_apol _heng |
|
| 046 | _k1995 | ||
| 080 | _a614.7 | ||
| 080 | _a614.87 | ||
| 080 | _a615.9 | ||
| 080 | _a504.05 | ||
| 080 | _a(075.8) | ||
| 100 | 1 |
_aZakrzewski, Sigmund F. _d(1919-2005) _eAutor |
|
| 245 | 1 | 0 |
_aPodstawy toksykologii środowiska / _cSigmund F. Zakrzewski ; z ang. tł. Władysław Boczoń i Henryk Koroniak. |
| 246 | 1 |
_iTyt. oryg.: _aPrinciples of environmental toxicology, 1991 |
|
| 260 |
_aWarszawa : _bWydaw. Naukowe PWN, _c1995 _e(Łódź : _fDWN, _g1994). |
||
| 300 |
_a261, [2] s. : _brys., wykr. ; _c24 cm. |
||
| 336 |
_2rdacontent _aTekst _btxt |
||
| 337 |
_2rdamedia _aBez urządzenia pośredniczącego _bn |
||
| 338 |
_2rdacarrier _aWolumin _bnc |
||
| 380 | _aKsiążki | ||
| 380 | _aPublikacje dydaktyczne | ||
| 385 |
_mPoziom nauczania _aSzkoły wyższe |
||
| 388 | 1 | _a1901-2000 | |
| 388 | 1 | _a1989-2000 | |
| 504 | _aBibliogr. przy rozdz, wykaz norm s. 252-256. - Indeks. | ||
| 650 | 7 |
_aToksykologia środowiskowa _2DBN |
|
| 655 | 7 |
_aPodręczniki akademickie _2DBN |
|
| 658 | _aOchrona środowiska | ||
| 700 | 1 |
_aKoroniak, Henryk _d(1949- ) _eTłumaczenie |
|
| 700 | 1 |
_aBoczoń, Władysław _eTłumaczenie |
|
| 710 | 2 |
_aWydawnictwo Naukowe PWN _4pbl |
|
| 856 |
_uhttp://koha.tu.koszalin.pl/cgi-bin/koha/opac-detail.pl?biblionumber=6780 _yKatalog online BPK |
||
| 942 |
_2UKD _cKS |
||
| 999 |
_c6780 _d6780 |
||